Obecný spravodajca štvrťročník občanov Spišského Štiavnika

Bibliographic Details
Format: Journal
Language:Slovak
PhysicalDescription:zv. 30 cm
Published: Spišský Štiavnik Obecný úrad Spišský Štiavnik 2004-
ISSN:1339-5602
Subjects:
Online Access:http://www.spisskystiavnik.sk/obecne-noviny/

MARC

LEADER 00000cas a2200000 a 4500
001 vtls008182003
003 SK-MaSNL
005 20260513222827.0
008 050630c20049999xo qr|p 0 b0slo
022 |a 1339-5602 
040 |a SNK  |b slo  |c SNK  |e AACR2 
041 0 |a slo 
043 |a e-xo--- 
044 |a xo  |c SK 
072 7 |a 352/354  |x Stupne miestnej, oblastnej a ústrednej správy  |2 konspekt 
072 7 |a 394  |x Verejný a spoločenský život. Každodenný život  |2 konspekt 
072 7 |a 316.7  |x Sociológia kultúry. Kultúrny život  |2 konspekt 
080 |a 352  |2 2011 
080 |a 394  |2 2011 
080 |a 316.728  |2 2011 
080 |a 050  |2 2011 
080 |a (051)+(054)  |2 2011 
080 |a (437.6)  |2 2011 
210 0 |a Obecný sprav.  |b (Spiš. Štiavnik) 
222 0 |a Obecný spravodajca  |b (Spišský Štiavnik) 
245 0 0 |a Obecný spravodajca  |b štvrťročník občanov Spišského Štiavnika 
260 |a Spišský Štiavnik  |b Obecný úrad Spišský Štiavnik  |c 2004- 
300 |a zv.  |c 30 cm 
310 |a 4x ročne 
362 0 |a Č. 1 (2004) - 
500 |a Popis podľa: 2/2004- 
500 |a Reg. číslo: RP 3/2004 ; EV 4002/10 
650 0 7 |a miestna správa  |2 SNKPH  |9 29496 
650 0 7 |a spoločenský život  |2 SNKPH  |9 28654 
651 7 |a Spišský Štiavnik (Slovensko)  |2 SNKPHgeo  |9 54533 
655 7 |a miestne periodiká  |2 SNKPH  |9 160938 
856 4 1 |u http://www.spisskystiavnik.sk/obecne-noviny/ 
910 |a snk 
999 |c 9726  |d 11656 
952 |t č. 1-4  |a SNK  |b SNK  |y PREZ  |7 0  |p 17A1384120  |o snkČSB 7324/2010  |i snk2019/27608  |8 0  |0 0  |1 0  |4 0  |d 2019-10-29  |l 0  |r 2026-02-21 20:13:45  |w 2026-02-21 
952 |t č. 1-4  |a SNK  |b SNK  |y PREZ  |7 0  |p 17A1384121  |o snkČSB 7324/2011  |i snk2019/27613  |8 0  |0 0  |1 0  |4 0  |d 2019-10-29  |l 0  |r 2026-02-21 20:13:45  |w 2026-02-21 
952 |t č. 1-4  |a SNK  |b SNK  |y PREZ  |7 0  |p 17A1384122  |o snkČSB 7324/2012  |i snk2019/27614  |8 0  |0 0  |1 0  |4 0  |d 2019-10-29  |l 0  |r 2026-02-21 20:13:45  |w 2026-02-21 
952 |t č. 1-4  |a SNK  |b SNK  |y PREZ  |7 0  |p 17A1384117  |o snkČSB 7324/2007  |i snk2019/27603  |8 0  |0 0  |1 0  |4 0  |d 2019-10-29  |l 0  |r 2026-02-21 20:13:46  |w 2026-02-21 
952 |t č. 1-4  |a SNK  |b SNK  |y PREZ  |7 0  |p 17A1384118  |o snkČSB 7324/2008  |i snk2019/27606  |8 0  |0 0  |1 0  |4 0  |d 2019-10-29  |l 0  |r 2026-02-21 20:13:46  |w 2026-02-21 
952 |t č. 1-4  |a SNK  |b SNK  |y PREZ  |7 0  |p 17A1384119  |o snkČSB 7324/2009  |i snk2019/27607  |8 0  |0 0  |1 0  |4 0  |d 2019-10-29  |l 0  |r 2026-02-21 20:13:46  |w 2026-02-21 
952 |t č. 1-4, neúplné  |a SNK  |b SNK  |y PREZ  |7 0  |p 17A1384123  |o snkČSB 7324/10/2013  |i snk2019/27617  |8 0  |z Chýba č. 4  |0 0  |1 0  |4 0  |d 2019-10-29  |l 0  |r 2026-02-21 20:13:46  |w 2026-02-21 
952 |t č. 1-4, neúplné  |a SNK  |b SNK  |y PREZ  |7 0  |p 17A1384115  |o snkČSB 7324/2005  |i snk2019/27596  |8 0  |z Chýba č. 3  |0 0  |1 0  |4 0  |d 2019-10-29  |l 0  |r 2026-02-21 20:14:45  |w 2026-02-21 
952 |t č. 1-4  |a SNK  |b SNK  |y PREZ  |7 0  |p 17A1384116  |o snkČSB 7324/2006  |i snk2019/27599  |8 0  |0 0  |1 0  |4 0  |d 2019-10-29  |l 0  |r 2026-02-21 20:14:45  |w 2026-02-21 
952 |t č. 1-4  |a SNK  |b SNK  |y PREZ  |7 0  |p 17A1384124  |o snkČSB 7324/11/2014  |i snk2019/27627  |8 0  |0 0  |1 0  |4 0  |d 2019-10-29  |l 0  |r 2026-02-21 21:59:45  |w 2026-02-21 
952 |t č. 1-4  |a SNK  |b SNK  |y PREZ  |7 0  |p 17A1384125  |o snkČSB 7324/12/2015  |i snk2019/27635  |8 0  |0 0  |1 0  |4 0  |d 2019-10-29  |l 0  |r 2026-02-21 21:59:49  |w 2026-02-21 
952 |t č. 1-4  |a SNK  |b SNK  |y PREZ  |7 0  |p 17A1384126  |o snkČSB 7324/13/2016  |i snk2019/27637  |8 0  |0 0  |1 0  |4 0  |d 2019-10-29  |l 0  |r 2026-02-21 21:59:49  |w 2026-02-21 
952 |t č. 1-4, neúplné  |a SNK  |b SNK  |y PREZ  |7 0  |p 17A1384114  |o snkČSB 7324/2004  |i snk2019/27594  |8 0  |z Chýba č. 1  |0 0  |1 0  |4 0  |d 2019-10-29  |l 0  |r 2026-02-21 22:00:31  |w 2026-02-21 
952 |t č. 1-4  |a SNK  |b SNK  |y PREZ  |7 0  |p 17A1384127  |o snkČSB 7324/14/2017  |i snk2019/27640  |8 0  |0 0  |1 0  |4 0  |d 2019-10-29  |l 0  |r 2026-02-21 22:00:35  |w 2026-02-21 
952 |t č. 1-4  |a SNK  |b SNK  |y PREZ  |7 0  |p 17A1384128  |o snkČSB 7324/15/2018  |i snk2019/27642  |8 0  |0 0  |1 0  |4 0  |d 2019-10-29  |l 0  |r 2026-02-21 22:00:35  |w 2026-02-21